000 00705nam a2200205 a 4500
001 000029992
005 20240305132444.0
008 110428s1978 dr a 000 0 spa d
040 _aDO-SdBNP
_bspa
_cBNPHU
082 _axxx
_bM294
245 0 0 _aManual de educación sexual /
_cRosa Rita Álvarez ... [et. al.] ; ilustración Millarray Quiroga, José Mercader.
260 _aSanto Domingo :
_bPROFAMILIA,
_c1978.
300 _a110 p. :
_bil. ;
_c27 cm.
700 1 _aBest, Sandra
_956719
700 1 _aCordero, Milton
_956720
700 1 _aEstrella, Octavio
_952662
700 1 _aMota Álvarez, Denis,
_d1952-
_911007
700 1 _aQuiroga, Millarray,
_eil.
_956721
700 1 _aMercader, José,
_eil.
_956560
999 _c29484
_d29484